Eastern Utah Libraries Catalog: Duchesne, Heber, Roosevelt, & Vernal

Hotel Rwanda (Record no. 210244)

MARC details
000 -LEADER
fixed length control field 03176cgm a2200601Ma 4500
001 - CONTROL NUMBER
control field ocn864462816
003 - CONTROL NUMBER IDENTIFIER
control field OCoLC
005 - DATE AND TIME OF LATEST TRANSACTION
control field 20160603132559.0
008 - FIXED-LENGTH DATA ELEMENTS--GENERAL INFORMATION
fixed length control field 061031p20052004cau122 vleng d
040 ## - CATALOGING SOURCE
Original cataloging agency CNPAR
Language of cataloging eng
Transcribing agency CNPAR
Modifying agency HVC
-- OCLCO
-- OCLCF
-- KL8
-- OCLCA
-- OCL
-- OCLCO
-- UINTA
020 ## - INTERNATIONAL STANDARD BOOK NUMBER
International Standard Book Number 079286686X
020 ## - INTERNATIONAL STANDARD BOOK NUMBER
International Standard Book Number 9780792866862
024 1# - OTHER STANDARD IDENTIFIER
Standard number or code 027616925121
028 40 - PUBLISHER NUMBER
Publisher number 1008501
Source MGM Home Entertainment
035 ## - SYSTEM CONTROL NUMBER
System control number (OCoLC)864462816
050 14 - LIBRARY OF CONGRESS CALL NUMBER
Classification number PN1997.2.H68
Item number H68 2005
082 04 - DEWEY DECIMAL CLASSIFICATION NUMBER
Classification number 791.43/72
Edition number 22
049 ## - LOCAL HOLDINGS (OCLC)
Holding library UCLB
245 00 - TITLE STATEMENT
Title Hotel Rwanda
Medium [videorecording (DVD)] /
Statement of responsibility, etc United Artists presents in association with Lions Gate Entertainment ; a South Africa/United Kingdom/Italy co-production ... [et al.] ; produced by A. Kitman Ho, Terry George ; written by Keir Pearson & Terry George ; directed by Terry George.
260 ## - PUBLICATION, DISTRIBUTION, ETC. (IMPRINT)
Place of publication, distribution, etc Santa Monica, CA :
Name of publisher, distributor, etc Distributed by MGM Home Entertainment,
Date of publication, distribution, etc p2005.
300 ## - PHYSICAL DESCRIPTION
Extent 1 videodisc (2 hr., 2 min. + extras) :
Other physical details sd., col. ;
Dimensions 4 3/4 in.
500 ## - GENERAL NOTE
General note Originally released as a motion picture in 2004.
500 ## - GENERAL NOTE
General note Special features: "A message for peace: making "Hotel Rwanda" documentary; "Return to Rwanda" documentary; selected scenes commentary by Don Cheadle; audio commentary by director Terry George and the real-life subject of the film, Paul Rusesabagina, with select commentary by musician Wydel Jean.
508 ## - CREATION/PRODUCTION CREDITS NOTE
Creation/production credits note Director of photography, Robert Fraisse.
511 0# - PARTICIPANT OR PERFORMER NOTE
Participant or performer note Don Cheadle, Sohie Okonedo, Joaquin Phoenix, Nick Nolte.
521 ## - TARGET AUDIENCE NOTE
Target audience note MPAA rating: PG-13 (disturbing images and brief stong language) ; Canadian Home Video rating: 14A (violence, disturbing content).
538 ## - SYSTEM DETAILS NOTE
System details note DVD, region 1, NTSC, widescreen (2.35:1) presentation; English 5.1 Dolby Digital surround, French Dolby Digital stereo. surround.
546 ## - LANGUAGE NOTE
Language note English, French dialogue ; subtitles in English, French, Spanish; closed-captioned.
520 ## - SUMMARY, ETC.
Summary, etc A five-star-hotel manager in Rwanda risks his life when he opens his hotel to more than a thousand Tutsis refugees in order to protect them from death.
600 10 - SUBJECT ADDED ENTRY--PERSONAL NAME
Personal name Rusesabagina, Paul,
Dates associated with a name 1954-
Form subdivision Drama.
650 #0 - SUBJECT ADDED ENTRY--TOPICAL TERM
Topical term or geographic name as entry element Hotelkeepers
Geographic subdivision Rwanda
Form subdivision Drama.
650 #0 - SUBJECT ADDED ENTRY--TOPICAL TERM
Topical term or geographic name as entry element Genocide
Geographic subdivision Rwanda
Form subdivision Drama.
650 #0 - SUBJECT ADDED ENTRY--TOPICAL TERM
Topical term or geographic name as entry element Tutsi (African people)
General subdivision Crimes against
Form subdivision Drama.
651 #0 - SUBJECT ADDED ENTRY--GEOGRAPHIC NAME
Geographic name Rwanda
General subdivision History
Chronological subdivision Civil War, 1994
General subdivision Atrocities
Form subdivision Drama.
650 #0 - SUBJECT ADDED ENTRY--TOPICAL TERM
Topical term or geographic name as entry element Feature films.
600 17 - SUBJECT ADDED ENTRY--PERSONAL NAME
Personal name Rusesabagina, Paul,
Dates associated with a name 1954-
Source of heading or term fast
-- (OCoLC)fst01624418
611 27 - SUBJECT ADDED ENTRY--MEETING NAME
Meeting name or jurisdiction name as entry element Civil War (Rwanda : 1994)
Source of heading or term fast
-- (OCoLC)fst01352318
650 #7 - SUBJECT ADDED ENTRY--TOPICAL TERM
Topical term or geographic name as entry element Atrocities.
Source of heading or term fast
-- (OCoLC)fst00820727
650 #7 - SUBJECT ADDED ENTRY--TOPICAL TERM
Topical term or geographic name as entry element Feature films.
Source of heading or term fast
-- (OCoLC)fst00922105
650 #7 - SUBJECT ADDED ENTRY--TOPICAL TERM
Topical term or geographic name as entry element Genocide.
Source of heading or term fast
-- (OCoLC)fst00940208
650 #7 - SUBJECT ADDED ENTRY--TOPICAL TERM
Topical term or geographic name as entry element Hotelkeepers.
Source of heading or term fast
-- (OCoLC)fst00961760
650 #7 - SUBJECT ADDED ENTRY--TOPICAL TERM
Topical term or geographic name as entry element Tutsi (African people)
General subdivision Crimes against.
Source of heading or term fast
-- (OCoLC)fst01426861
651 #7 - SUBJECT ADDED ENTRY--GEOGRAPHIC NAME
Geographic name Rwanda.
Source of heading or term fast
-- (OCoLC)fst01212358
648 #7 - SUBJECT ADDED ENTRY--CHRONOLOGICAL TERM
Chronological term 1994
Source of heading or term fast
655 #7 - INDEX TERM--GENRE/FORM
Genre/form data or focus term Drama.
Source of term fast
-- (OCoLC)fst01423879
655 #7 - INDEX TERM--GENRE/FORM
Genre/form data or focus term History.
Source of term fast
-- (OCoLC)fst01411628
700 1# - ADDED ENTRY--PERSONAL NAME
Personal name George, Terry,
Relator code dir
700 1# - ADDED ENTRY--PERSONAL NAME
Personal name Cheadle, Don,
Relator code act
700 1# - ADDED ENTRY--PERSONAL NAME
Personal name Okonedo, Sophie,
Relator code act
700 1# - ADDED ENTRY--PERSONAL NAME
Personal name Phoenix, Joaquin,
Relator code act
700 1# - ADDED ENTRY--PERSONAL NAME
Personal name Nolte, Nick,
Relator code act
994 ## -
-- C0
-- UINTA
Holdings
Withdrawn status Lost status Source of classification or shelving scheme Damaged status Not for loan Collection code Home library Current library Shelving location Date acquired Source of acquisition Cost, normal purchase price Total Checkouts Total Renewals Full call number Barcode Date last seen Date checked out Cost, replacement price Price effective from Koha item type
    Dewey Decimal Classification     Movies Wasatch County Library Wasatch County Library Audio Visual Area 06/27/2005 Donation 21.95 185 3 DVD Hot 34301000480410 01/12/2026 12/18/2025 21.95 03/20/2020 DVD
This project was made possible through a grant from the Institute of Museum and Library Service administered by the Utah State Library Division.

Wasatch County Library

  • 465 East 1200 South, Heber City, Utah 84032
  • Phone 435-654-1511 | Fax 435-654-6456

Hours

  • Monday - Friday 9:30 AM - 8:00 PM
  • Saturday 9:30 AM - 1:30 PM
  • Closed Sundays and Holidays